Normal view
MARC view
- تأليف، السرحان ، عدنان ابراهيم ، مؤلف مشارك نوري حمد خاطر
Entry Personal Name
001 - CONTROL NUMBER
- control field: 31208
003 - CONTROL NUMBER IDENTIFIER
- control field: JO-AjAnu
005 - DATE AND TIME OF LATEST TRANSACTION
- control field: 20230606075246.0
008 - FIXED-LENGTH DATA ELEMENTS
- fixed length control field: 230606|| aca||aabn | a|a d
040 ## - CATALOGING SOURCE
- Original cataloging agency: JO-AjAnu
- Transcribing agency: JO-AjAnu
100 ## - HEADING--PERSONAL NAME
- Personal name: تأليف، السرحان ، عدنان ابراهيم ، مؤلف مشارك نوري حمد خاطر
670 ## - SOURCE DATA FOUND
- Source citation: Work cat.: (JO-AjAnu)16026: تأليف، السرحان ، عدنان ابراهيم ، مؤلف مشارك نوري حمد خاطر, author, شرح القانون المدني مصادر الحقوق الشخصية : الالتزامات " دراسة مقارنة "